Wings of nature : (Record no. 3221)

MARC details
000 -LEADER
fixed length control field 00549cmm a2200169 4500
001 - CONTROL NUMBER
control field 3944
005 - DATE AND TIME OF LATEST TRANSACTION
control field 20181127172253.0
010 ## - LIBRARY OF CONGRESS CONTROL NUMBER
LC control number 2006414206
245 00 - TITLE STATEMENT
Title Wings of nature :
Remainder of title A window to the world of major Indian birds /
Statement of responsibility, etc. C. N. Pandey.
260 ## - PUBLICATION, DISTRIBUTION, ETC.
Place of publication, distribution, etc. Gandhinagar :
Name of publisher, distributor, etc. GEER Foundation,
Date of publication, distribution, etc. 2005.
300 ## - PHYSICAL DESCRIPTION
Extent 1 CD-ROM :
Other physical details col. ;
Dimensions 4 3/4 in.
500 ## - GENERAL NOTE
General note Interactive CD ROM.
General note Title from disc label.
650 #0 - SUBJECT ADDED ENTRY--TOPICAL TERM
Topical term or geographic name entry element Ornithology
General subdivision Study and teaching.
700 1# - ADDED ENTRY--PERSONAL NAME
Personal name Pandey, C. N.
710 2# - ADDED ENTRY--CORPORATE NAME
Corporate name or jurisdiction name as entry element Gujarat Ecological Education and Research Foundation.
Holdings
Withdrawn status Lost status Source of classification or shelving scheme Damaged status Not for loan Collection code Home library Current library Shelving location Serial Enumeration / chronology Total Checkouts Full call number Barcode Date last seen Price effective from Koha item type
    Dewey Decimal Classification     Desk RTC Library RTC Library Desk   598.09 PAN 30006251 27/11/2018 27/11/2018 Desk (DVD/CD)
Royal Thimphu College || All Right Reserved